[Event "Nizami Ganjavi 880 years U17"]
[Site "Tornelo INT"]
[Date "2021.04.04"]
[Round "8.6"]
[White "Siqueros Huaracha, Carlos Adriano"]
[Black "Sapocinic, Semion"]
[Result "1-0"]
[WhiteElo "1127"]
[BlackElo "1761"]
[PlyCount "77"]
[EventDate "2021.04.02"]
[EventType "team-swiss (blitz)"]
[EventRounds "9"]
[EventCountry "AZE"]
[SourceTitle "EXT 2023"]
[Source "ChessBase"]
[SourceDate "2022.10.05"]
[SourceVersion "1"]
[SourceVersionDate "2022.10.05"]
[SourceQuality "1"]
[WhiteTeam "Peru"]
[BlackTeam "Moldova"]
[WhiteTeamCountry "PER"]
[BlackTeamCountry "MDA"]

1. e4 c6 2. d4 d5 3. exd5 cxd5 4. c4 Nf6 5. Nc3 g6 6. h3 Bg7 7. Nf3 0-0 8. Be3 Nc6 9. c5 Bf5 10. Bb5 Ne4 11. 0-0 a6 12. Ba4 Nxc3 13. bxc3 Qc7 14. Qd2 b6 15. cxb6 Qxb6 16. Bb3 Rfd8 17. Ne5 Qc7 18. Nxc6 Qxc6 19. Bf4 Rac8 20. Rac1 h5 21. Rfe1 Qd7 22. Bc2 Bxc2 23. Qxc2 Rc4 24. Qd2 Rdc8 25. Be5 e6 26. Bxg7 Kxg7 27. Re3 Qa7 28. Rf3 Qc7 29. g4 hxg4 30. hxg4 Rh8 31. Qg5 Ra4 32. Qf6+ Kg8 33. Re1 Rxa2 34. Rg3 Rh7 35. Kg2 Rc2 36. Ree3 Qd7 37. Rh3 e5 38. Rxh7 Qxg4+ 39. Rg3 1-0

[Event "Nizami Ganjavi 880 years U17"]
[Site "Tornelo INT"]
[Date "2021.04.04"]
[Round "7.7"]
[White "Tamame Soria, Cesar Manuel"]
[Black "Siqueros Huaracha, Carlos Adriano"]
[Result "0-1"]
[WhiteElo "2057"]
[BlackElo "1127"]
[PlyCount "170"]
[EventDate "2021.04.02"]
[EventType "team-swiss (blitz)"]
[EventRounds "9"]
[EventCountry "AZE"]
[SourceTitle "EXT 2023"]
[Source "ChessBase"]
[SourceDate "2022.10.05"]
[SourceVersion "1"]
[SourceVersionDate "2022.10.05"]
[SourceQuality "1"]
[WhiteTeam "Cuba Masters"]
[BlackTeam "Peru"]
[WhiteTeamCountry "CUB"]
[BlackTeamCountry "PER"]

1. e4 c5 2. Nf3 d6 3. d4 cxd4 4. Nxd4 Nf6 5. Nc3 e6 6. Rg1 Nc6 7. g4 Nd7 8. Be3 Nb6 9. Qd2 Bd7 10. 0-0-0 Ne5 11. b3 Nc6 12. g5 d5 13. exd5 Nxd5 14. Nxd5 exd5 15. Bf4 Ba3+ 16. Kb1 Bb4 17. Re1+ Kf8 18. c3 Bc5 19. Bd3 Bxd4 20. cxd4 Be6 21. g6 hxg6 22. Bxg6 Qd7 23. Bd3 Bf5 24. Be5 f6 25. Bf4 Kf7 26. Bxf5 Qxf5+ 27. Kb2 Rae8 28. Re3 Rxe3 29. fxe3 g5 30. Bg3 Re8 31. h4 Qe4 32. hxg5 Qxe3 33. Qxe3 Rxe3 34. gxf6 Kxf6 35. Bh4+ Kf5 36. Rd1 Ke4 37. Bf6 Re2+ 38. Ka3 a6 39. Bg7 b5 40. b4 Re3+ 41. Kb2 Nxb4 42. Rh1 Nd3+ 43. Kb1 Re1+ 44. Rxe1+ Nxe1 45. Kb2 Nf3 46. Kc3 a5 47. a3 Ke3 48. Bf6 Ke4 49. Bg7 Ng5 50. Bf6 Ne6 51. Be5 Ke3 52. Bf6 Ke4 53. Be5 Nd8 54. Bc7 Nc6 55. Bb6 b4+ 56. axb4 axb4+ 57. Kb3 Kd3 58. Bc5 Nxd4+ 59. Kxb4 Ne6 60. Be7 Ke4 61. Bf6 Nf8 62. Ba1 Nd7 63. Kb5 Ne5 64. Kc5 Nd3+ 65. Kb5 Ne1 66. Kc5 Nc2 67. Bb2 Ne3 68. Kb4 Nc4 69. Bc3 Kf5 70. Kc5 Ke4 71. Kb4 Ne3 72. Bb2 Nd1 73. Ba1 Kd3 74. Kb3 Ne3 75. Bg7 Nc4 76. Bh8 Nd6 77. Kb2 Kc4 78. Bg7 Nb5 79. Bh8 Nd4 80. Kc1 Nb3+ 81. Kd1 Nc5 82. Kc1 Ne4 83. Kd1 Ng5 84. Kc1 Ne4 85. Bg7 Ng3 0-1

[Event "Nizami Ganjavi 880 years U17"]
[Site "Tornelo INT"]
[Date "2021.04.03"]
[Round "4.11"]
[White "Fizer, Marek"]
[Black "Siqueros Huaracha, Carlos Adriano"]
[Result "1-0"]
[WhiteElo "1828"]
[BlackElo "1127"]
[PlyCount "141"]
[EventDate "2021.04.02"]
[EventType "team-swiss (blitz)"]
[EventRounds "9"]
[EventCountry "AZE"]
[SourceTitle "EXT 2023"]
[Source "ChessBase"]
[SourceDate "2022.10.05"]
[SourceVersion "1"]
[SourceVersionDate "2022.10.05"]
[SourceQuality "1"]
[WhiteTeam "Czech Republic"]
[BlackTeam "Peru"]
[WhiteTeamCountry "CZE"]
[BlackTeamCountry "PER"]

1. e4 c5 2. Nf3 d6 3. d4 cxd4 4. Nxd4 Nf6 5. Nc3 e6 6. Be3 Be7 7. Be2 a6 8. 0-0 0-0 9. f4 b5 10. Bf3 Bb7 11. e5 Bxf3 12. Qxf3 dxe5 13. Qxa8 exd4 14. Rad1 Bc5 15. Ne2 Qb6 16. b4 dxe3 17. bxc5 Qxc5 18. Qf3 Qxc2 19. Qxe3 Nd5 20. Qd2 Qc5+ 21. Qd4 Qxd4+ 22. Rxd4 Nc6 23. Rd2 Na5 24. Rc1 Nb4 25. Nd4 Nc4 26. Re2 Nd3 27. Rf1 Rc8 28. Rf3 Nb4 29. f5 e5 30. Nb3 a5 31. Rc3 Nd5 32. Rc1 Nf4 33. Re4 Ra8 34. Nc5 f6 35. g3 Nd5 36. Re2 a4 37. Ne4 h6 38. Rb1 Rb8 39. Kf2 b4 40. g4 Nf4 41. Ree1 Nd3+ 42. Ke2 Nxe1 43. Kxe1 b3 44. Nc5 b2 45. Nxa4 Ra8 46. Nc3 Ra3 47. Nd1 Rxa2 48. Nc3 Ra1 49. Kd1 Rxb1+ 50. Nxb1 Kf7 51. Kc2 Ke7 52. Kb3 Ne3 53. h3 Kd6 54. Kxb2 Nd5 55. Nd2 Nf4 56. h4 g6 57. fxg6 Nxg6 58. h5 Nf4 59. Ne4+ Ke6 60. Kc3 Nd5+ 61. Kd3 f5 62. gxf5+ Kxf5 63. Ng3+ Kf4 64. Ne2+ Kf3 65. Ng1+ Kf2 66. Ke4 Kxg1 67. Kxd5 Kg2 68. Kxe5 Kg3 69. Kf5 Kf3 70. Kg6 Kf4 71. Kxh6 1-0

[Event "Nizami Ganjavi 880 years U17"]
[Site "Tornelo INT"]
[Date "2021.04.02"]
[Round "1.7"]
[White "Siqueros Huaracha, Carlos Adriano"]
[Black "Orujov, Farid"]
[Result "1-0"]
[WhiteElo "1127"]
[BlackElo "2039"]
[PlyCount "85"]
[EventDate "2021.04.02"]
[EventType "team-swiss (blitz)"]
[EventRounds "9"]
[EventCountry "AZE"]
[SourceTitle "EXT 2023"]
[Source "ChessBase"]
[SourceDate "2022.10.05"]
[SourceVersion "1"]
[SourceVersionDate "2022.10.05"]
[SourceQuality "1"]
[WhiteTeam "Peru"]
[BlackTeam "Azerbaijan II"]
[WhiteTeamCountry "PER"]
[BlackTeamCountry "AZE"]

1. e4 c5 2. Nf3 d6 3. Bb5+ Nd7 4. Bxd7+ Bxd7 5. c4 Nf6 6. Nc3 a6 7. 0-0 e6 8. d4 cxd4 9. Nxd4 Be7 10. f3 0-0 11. Be3 Rc8 12. b3 b5 13. Qd3 Qc7 14. Rfc1 bxc4 15. bxc4 Qxc4 16. Qd2 Qc7 17. Nd5 Nxd5 18. Rxc7 Nxc7 19. Rc1 Nb5 20. Rxc8 Rxc8 21. Ne2 Na3 22. Qb4 Nc4 23. Qb7 Rd8 24. Kf2 Bf6 25. Qxa6 d5 26. exd5 exd5 27. Bd4 Bxd4+ 28. Nxd4 Re8 29. Qb7 Be6 30. Nxe6 fxe6 31. a4 d4 32. Qd7 Kf8 33. Qxd4 Rc8 34. a5 Ke8 35. a6 e5 36. Qg4 Nb6 37. Qxg7 Ra8 38. Qxe5+ Kd8 39. Qd4+ Kc7 40. Qc5+ Kd7 41. Qxb6 Rc8 42. Qb7+ Rc7 43. Qb5+ 1-0